|
|
|
|
| LEADER |
00000nab a2200000uu 4500 |
| 001 |
vtls012231996 |
| 003 |
SK-MaSNL |
| 005 |
20260303221201.0 |
| 008 |
230609|2013 xo |||||||||||||||||slo| |
| 015 |
|
|
|a SNBRB
|
| 040 |
|
|
|a SNKBUCL
|b slo
|c SNKBUCL
|e AACR2
|
| 041 |
0 |
|
|a slo
|
| 044 |
|
|
|a xo
|c SK
|
| 100 |
1 |
|
|a Brendza, Boris,
|d 1979-
|4 aut
|9 25635
|
| 245 |
1 |
0 |
|a Básne
|c Boris Brendza
|
| 500 |
|
|
|a Obsahuje 4 básne
|
| 655 |
|
7 |
|a slovenská poézia
|2 SNKPH
|9 70444
|
| 740 |
0 |
2 |
|a Koža
|
| 740 |
0 |
2 |
|a Obluda
|
| 740 |
0 |
2 |
|a Kráľovná
|
| 740 |
0 |
2 |
|a Hrdza
|
| 773 |
0 |
|
|t Slovenské pohľady
|g Roč. IV.+129, č. 6 (2013), s. 45-48
|
| 852 |
|
|
|a Slovenská národná knižnica
|
| 954 |
|
|
|a beletria pôvodná (slovenská)
|2 lita
|
| 958 |
|
|
|a LX
|
| 999 |
|
|
|c 2231521
|d 2233451
|